01076cam a2200289 a 4500003000500000005001700005008004100022010001000063011001000073020001500083035001000098040000900108082002200117111013600139245012800275260005200403300002000455490006500475650004000540650002400580650002400604650002800628700002200656700002300678700002000701830006500721CHAP20220817043735.0010110d1999 nl a r 10100 eng d a83158 a84130 a0792358260 a94649 cCHAP04a581.0724bI5 199800aInternational Congress of the International Association of Plant Tissue Culture and Biotechnologyn(9 :d1998 :cJerusalen, Israel)10aPlant biotechnology and in vitro biology in the 21st century :bproceedingc/ed. by Arie Altman, Meira Ziv and Shamay Izhar aDordrecht :bKluwer Academic Publishers,c1999. a771 p. :bilus. 0aCurrent plant science and biotechnology in agriculturev; 3614aBiotecnología vegetalxCongresos.14aCultivo de tejidos.14aGenética vegetal.14aPlantas transgénicas.0 aAltman, Arieeed.0 aIzhar, Shamayeed.0 aZiv, Meiraeed.0 aCurrent plant science and biotechnology in agriculturev; 36